Tour de France : Joies et malheurs des maillots jaunes - Statistiques

Statistiques générales
  • Ce quiz a été pris 67 fois
  • Le résultat moyen est 40 sur 69
Statistiques - réponses
Abandon alors qu'il porte le maillot jaune Réponse % Correct
2017 Britannique Christopher {Froome}
98%
2019 Colombien Egan {Bernal}
98%
1980 Français Bernard {Hinault}
97%
Non partant en 1983 - Français Bernard {Hinault}
97%
1978 - Français Bernard {Hinault}
97%
Non partant en 1973 - Belge Eddy {Merckx}
97%
1969 - Belge Eddy {Merckx}
97%
1989 Américain Greg {Lemond}
95%
1990 Américain Greg {LeMond}
95%
Non partant en 1987 - Américain Greg {LeMond}
95%
Non partant en 1985 - Français Laurent {Fignon}
95%
1983 - Français Laurent {Fignon}
95%
2020 - Slovène Tadej {Pogacar}
95%
Non partant en 2008 - Espagnol Alberto {Contador}
93%
Non partant en 2013 - Britannique Bradley {Wiggins}
93%
2012 - Britannique Bradley {Wiggins}
93%
Non partant en 1950 - Italien Fausto {Coppi}
90%
Non partant en 1953 - Italien Fausto {Coppi}
90%
1949 - Italien Fausto {Coppi}
90%
1952 - Italien Fausto {Coppi}
90%
2015 Allemand Tony {Martin}
85%
Non partant en 1999 - Italien Marco {Pantani}
83%
Non partant en 1965 - Français Jacques {Anquetil}
81%
1957 - Français Jacques {Anquetil}
81%
Non partant en 1988 - Irlandais Stephen {Roche}
80%
Non partant en 1956 - Français Louison {Bobet}
73%
2006 Espagnol Oscar {Pereiro}
71%
1971 Espagnol Luis {Ocana}
66%
Non partant en 1966 - Italien Felice {Gimondi}
64%
1965 - Italien Felice {Gimondi}
64%
2007 Danois Michael {Rasmussen}
63%
1903 - Français Maurice {Garin}
61%
1937 Italien Gino {Bartali}
59%
Non partant en 1932 - Français Antonin {Magne}
54%
1947 Français Jean {Robic}
54%
1947 - Français Jean {Robic}
54%
1966 Français Lucien {Aimar}
49%
1935 Belge Romain {Maes}
49%
1937 Belge Sylvère {Maes}
49%
Non partant en 1947- Belge Sylvère {Maes}
49%
1939 - Belge Sylvère {Maes}
49%
1968 Néerlandais Jan {Janssen}
47%
1951 - Suisse Hugo {Koblet}
46%
1956 Français Roger {Walkowiak}
44%
1904 - Français Henri {Cornet}
42%
1922 Belge Firmin {Lambot}
41%
1960 Italien Gastone {Nencini}
41%
Non partant en 1961 - Italien Gastone {Nencini}
41%
1924 Italien Ottavio {Bottechia}
41%
1928 Luxembourgeois Nicolas {Frantz}
39%
Non partant en 1938 - Belge Roger {Lapébie}
36%
1937 - Français Roger {Lapébie}
36%
1933 Français Charles {Pélissier}
34%
1998 Britannique Chris {Boardman}
32%
1978 Belge Michel {Pollentier}
32%
1983 Français Pascal {Simon}
32%
1991 Danois Rolf {Sorensen}
31%
1960 Français Roger {Rivière}
29%
1996 Français Stéphane {Heulot}
29%
1950 Italien Fiorenzo {Magni}
27%
Non partant en 1907 - Français René {Pottier}
25%
1906 - Français / + en 1907 René {Pottier}
25%
1905 - Français Louis {Trousselier}
24%
Non partant en 1930 - Belge Maurice {De Waele}
22%
Non partant en 1927 - Belge Lucien {Buysse}
15%
1951 Néerlandais Wim {van Est}
7%
1965 Belge Bernard {Van De Kerckhove}
2%
1929 Français Victor {Fontan}
2%
1927 Français Francis {Pélissier]
0%
Aucun quiz correspondant
Distribution des résultats
% des personnes avec chaque résultat
Percentile par nombre de réponses
Votre historique - résultats
Vous n’avez pas pris ce quiz